=LDR 00000nam 2200000 4500 =001 INLIS000000000016760 =005 20200527090439 =035 ##$$a 0010-061300000016760 =008 200527################g##########0#ind## =041 ##$$a Ind =082 ##$$a 2x4.95 =090 ##$$a 2x4.95, Rid t =100 1#$$a Ridha, Ni'mah Rasyid =245 1#$$a Tabarruj, /$c Ni'mah Rasyid Ridha =260 ##$$a Jakarta :$b Pustaka Al-Kaustar,$c 2001 =300 ##$$a 75 hlm, ; $c 12x16 cm =650 #4$$a Islam, Pakaian dan Perhiasan =850 ##$$a NBPNMAT =020 ##$$a 797-592-1 =084 ##$$a 2x4.95 RID t =250 ##$$a cet.17 =990 ##$$a 10310093 =990 ##$$a 10310095 =990 ##$$a 10310092